Calcul mental instantané #10 - Statistiques

Statistiques générales
  • Ce quiz a été pris 1 682 fois
  • Le résultat moyen est 10 sur 15
Statistiques - réponses
# Opérations Réponses % Correct
2 16
100%
1 4
100%
5 81
94%
4 9
94%
7 25
87%
9 36
83%
11 20² 400
77%
3 16² 256
76%
13 50² 2500
74%
12 400² 160000
69%
8 25² 625
59%
14 2500² 6250000
43%
6 81² 6561
41%
10 36² 1296
32%
15 2000001² 4000004000001
9%
Aucun quiz correspondant
Distribution des résultats
% des personnes avec chaque résultat
Percentile par nombre de réponses
Votre historique - résultats
Vous n’avez pas pris ce quiz